| Registos Bibliográficos associados ao registo de autoridade |
|
Etiqueta de registo: 00254nam 2200025 450 001 2264042 003 http://id.bnportugal.gov.pt/bib/catbnp/2264042 010 ## $a978-972-789-824-4 021 ## $aPT$b549719/25 100 ## $a20260210d2025 k y0pory01030103ba 101 0# $apor 102 ## $aPT 105 ## $aa z 000yy 106 ## $ar 200 1# $aRádio con:vida - a rádio como arquivo$fcoord. Susana Sardo, Ana Flávia Miguel, Pedro Aragão$gautores Andreia Duarte... [Et al.] 205 ## $a1ª ed 210 #9 $aAveiro$cUA Editora - Universidade de Aveiro,$dD.L. 2025 215 ## $a209 p.$cil.$d24 cm 675 ## $a654.19(4/6=134.3)"19"(042)$vBN$zpor$31992580 675 ## $a316.77(4/8=134.3)"19"(042)$vBN$zpor$31992577 675 ## $a930.25(4/6=134.3)(042)$vBN$zpor$31992579 702 #1 $aSardo,$bSusana Bela Soares,$f1963-$4340$3193668 702 #1 $aMiguel,$bAna Flávia Lopes$4340$31689552 702 #1 $92$aAragão,$bPedro$4340$31984461 702 #1 $92$aDuarte,$bAndreia$4070$31984478 801 #0 $aPT$bBN$gRPC 856 41 $uhttp://rnod.bnportugal.gov.pt/ImagesBN/winlibimg.aspx?skey=&doc=2264042&img=220543&save=true 900 ## $aBIBNAC$d20260331 966 ## $lBN$mFGMON$sS.A. 193357 V.$x1 966 ## $lBN$mFGMON$sS.A. 193357 V.-D$x1 971 ## $corlando$d20260210 972 ## $e0$z0$d20260331$vlrevez 973 ## $ctrodrigues$d20260319
Etiqueta de registo: 00254nam 2200025 450 001 2264016 003 http://id.bnportugal.gov.pt/bib/catbnp/2264016 010 ## $a978-972-789-823-7 021 ## $aPT$b549767/25 100 ## $a20260210d2025 k y0pory01030103ba 101 0# $apor 102 ## $aPT 105 ## $aa z 000yy 106 ## $ar 200 1# $aRádio con:vida - história de uma exposição$fcoord. Susana Sardo, Ana Flávia Miguel, Pedro Aragão$gautores Ana Flávia Miguel... [Et al.] 205 ## $a1ª ed 210 #9 $aAveiro$cUA Editora - Universidade de Aveiro,$dD.L. 2025 215 ## $a153 p.$cil.$d24 cm 675 ## $a654.19"19"(083.82)$vBN$zpor$31992584 675 ## $a621.39"19"(083.82)$vBN$zpor$31992764 702 #1 $aSardo,$bSusana Bela Soares,$f1963-$4340$3193668 702 #1 $aMiguel,$bAna Flávia Lopes$4340$31689552 702 #1 $92$aAragão,$bPedro$4340$31984461 801 #0 $aPT$bBN$gRPC 856 41 $uhttp://rnod.bnportugal.gov.pt/ImagesBN/winlibimg.aspx?skey=&doc=2264016&img=220542&save=true 900 ## $aBIBNAC$d20260331 966 ## $lBN$mFGMON$sS.A. 193352 V.$x1 966 ## $lBN$mFGMON$sS.A. 193352 V.-D$x1 971 ## $corlando$d20260210 972 ## $e0$z0$d20260331$vlrevez 973 ## $ctrodrigues$d20260319
|
|
|